000 00391nam a2200157Ia 4500
003 GCL
008 140319s9999 xx 000 0 ara d
040 _aGCL /
_cGCL
082 0 4 _aد
_b050
100 1 _aيحيى نامق
245 1 0 _aحبات المسبحة (اقرا 160 ) /
_cيحيى نامق
300 _a144
490 _aاقرأ
_v0
650 0 4 _aالشخصية
942 _2ddc
_cBK
999 _c48831
_d48831